000 00974nas a2200313 4500
001 BR2012006871
003 BR-BrBNA
005 20231205121144.0
007 ta
008 230509b bl.|||p| |||| 00| 00por d
040 _aBR-BrBNA
_bpor
_cBiblioteca Nacional de Agricultura
041 _a(Pt)
072 _aF60; P34
100 1 _aSilva, H.A.P. da
100 1 _aGalisa, P. dos S.
100 1 _aOliveira, R.S. da S.
100 1 _aVidal, M.S.
100 1 _aSimões-Araújo, J.L.
245 1 _aExpressão gênica induzida por estresses abióticos em nódulos de feijão-caupi
650 _aFEIJÃO DE CORDA
650 _aRHYZOBIUM JAPONICUM
650 _aFIXAÇÃO DE NITROGÊNIO
650 _aDEFICIÊNCIA HÍDRICA
650 _aSTRESS
650 _aNODULAÇÃO
773 0 _tPesquisa Agropecuária Brasileira (Brazil)
_xISSN 0100-204X
_g(Jun 2012), v. 47(6) p. 797-807
_wBR2012006871
909 _a202311
_bLúcia
_c55
_dLúcia Elande
942 _2AGRIS
_n0
_cANA
999 _c222086
_d222086